000 00584nam a2200229Ia 4500
003 OSt
005 20220924143351.0
006 a|||||r|||| 00| 0
007 ta
008 220923b |||||||| |||| 00| 0 urd d
024 _a307870
037 _cTextual
040 _aARTS
_cARTS
_burd
041 _2urd
_aurd
082 _aDelta73xKKA,1, 168M1
100 _aWali Kalimullah
_9215532
245 0 _aMalabud kalimi
260 _c1981
650 _aSPIRurdALISM
942 _hDelta73xKKA,1, 168M1
_cTEXL
_2CC
999 _c454178
_d454178